Ciencias naturales 7 : geología, biología, física, química /norma carreras ... [et al.]

Guardado en:
Autor Principal: Carreras, Norma
Otros Autores: Conti, Osvaldo, Fernández, Claudio, Lantz, Maximiliano
Formato: Libro
Publicado: Buenos Aires : Puerto de Palos
Series:Activa
Materias:
Etiquetas: Agregar Etiqueta
Sin Etiquetas, Sea el primero en etiquetar este registro!
LEADER 02033nam a22003495a 4500
001 CEM.cems010616
005 20080221090423.0
008 130507b######################000#0#####d
003 CEMS
020 |a 9879273699 
082 0 4 |a Z570 
100 1 |a Carreras, Norma 
245 1 0 |a Ciencias naturales 7 :  |b geología, biología, física, química /norma carreras ... [et al.] 
260 |a Buenos Aires :  |b Puerto de Palos 
300 |a 255 p. 
490 0 |a Activa 
500 |a Para 7º año Egb 
505 0 |a El planeta Tierra y el Universo -- Los subsistemas del planeta Tierra -- Atmósfera e hidrósfera -- El suelo -- Historia de la Tierra -- Los seres vivos -- La organización de la vida -- Estructura y funciones vitales de las plantas. Los hongos -- Estructura y funciones vitales de los animales -- La nutrición en el ser humano -- Los organismos y el ambiente -- El mundo físico -- Fenómenos térmicos y cambios de estado -- Fuerzas -- Electricidad y magnetismo -- Ondas, sonido y luz -- La materia y sus cambios (química) -- Materia, cuerpos y sustancias -- Elementos químicos y tabla periódica -- Transformaciones y reacciones químicas -- Proyecto tecnológico 
653 |a Ciencias naturales 
653 |a Ciencias naturales-7ºegb 
653 |a Biología 
700 1 |a Conti, Osvaldo 
700 1 |a Fernández, Claudio 
700 1 |a Lantz, Maximiliano 
859 |a CEMS  |b BIB. CEMS - 11 de abril  |h Z570  |i C233  |p 21171.01  |t Ej.1  |v 7º  |3 7º 
859 |a CEMS  |b BIB. CEMS - 11 de abril  |h Z570  |i C233  |p 22608.04  |t Ej.2  |v 7º  |3 7º 
859 |a CEMS  |b BIB. CEMS - 11 de abril  |h Z570  |i C233  |p 23196.05  |t Ej.3  |v 7º  |3 7º 
859 |a CEMS  |b BIB. CEMS - 11 de abril  |h Z570  |i C233  |p 23197.05  |t Ej.4  |v 7º  |3 7º 
859 |a CEMS  |b BIB. CEMS - 11 de abril  |h Z570  |i C233  |p 23198.05  |t Ej.5  |v 7º  |3 7º 
859 |a CEMS  |b BIB. CEMS - 11 de abril  |h Z570  |i C233  |p 23199.05  |t Ej.6  |v 7º  |3 7º 
859 |a CEMS  |b BIB. CEMS - 11 de abril  |h Z570  |i C233  |p 23200.05  |t Ej.7  |v 7º  |3 7º 
859 |a CEMS  |b BIB. CEMS - 11 de abril  |h Z570  |i C233  |p 23201.05  |t Ej.8  |v 7º  |3 7º